000 00487nam a22001817a 4500
003 NUST - PNEC
005 20170116180943.0
008 150907b xxu||||| |||| 00| 0 eng d
020 _a8178089734
040 _cLIBRARY
082 _a621.382 COL
100 _98843
_aCole, Marion
245 _aIntroduction to telecommunications : voice, data, and the Internet
_cMarion Cole
250 _a2nd ed.
260 _cc.2002
650 _98844
_aTelecommunication
_xMScom
942 _2ddc
_cBK
999 _c66220
_d66220